000 00866aam a2200265 a 4500
999 _c8124
_d8124
001 8124
003 BD - JhCC
005 20180218193416.0
008 050504s2005 nyua 001 0 eng
020 _a1581806469 (pbk.)
035 _a(BD - JhCC08124
040 _aStDuBDS
_cStDuBDS
_dUk
_dBD - JhCC
041 _aeng
082 0 0 _a745.56
_222
_bBRI 2005
100 1 _aO'Brien, Linda,
_d1949-
245 1 0 _aMetal craft discovery workshop :
_bcreating unique jewelry, art dolls, collage art, keepsakes and more! /
_cLinda & Opie O'Brien.
260 _aCincinnati, Ohio :
_bNorth Light Books ;
_aNewton Abbot :
_bDavid & Charles [distributor],
_c2005.
300 _a127 p. :
_bcol. ill. ;
_c28 cm.
500 _aIncludes index.
650 0 _aMetal-work.
650 0 _aArt metal-work.
700 1 _aO'Brien, Opie,
_d1949-
942 _2ddc
_cBK